Advanced research methods / Marmelo V. Abante, EdD, DBA, DPA, PhD, Jesus P. Briones, DBM, Florinda G. Vigonte, PhD. (Record no. 21330)

000 -LEADER
fixed length control field 00523nam a22001577a 4500
020 ## - INTERNATIONAL STANDARD BOOK NUMBER
ISBN 9786214063697
082 ## - DEWEY DECIMAL CLASSIFICATION NUMBER
Classification number 001.42
Item number Ab117 2024
100 ## - MAIN ENTRY--AUTHOR NAME
Personal name Abante, Marmelo V., author
245 ## - TITLE STATEMENT
Title Advanced research methods / Marmelo V. Abante, EdD, DBA, DPA, PhD, Jesus P. Briones, DBM, Florinda G. Vigonte, PhD.
260 ## - PUBLICATION, DISTRIBUTION, ETC. (IMPRINT)
Place of publication Manila :
Name of publisher Mindshapers Co., Inc.,
Year of publication ©2024.
300 ## - PHYSICAL DESCRIPTION
Number of Pages vi, 230 pages ;
Other physical details 26 cm
650 ## - SUBJECT ADDED ENTRY--TOPICAL TERM
Topical Term Research -- Methodology.
700 ## - ADDED ENTRY--PERSONAL NAME
Personal name Briones, Jesus P.
700 ## - ADDED ENTRY--PERSONAL NAME
Personal name Vigonte, Florinda G.
942 ## - ADDED ENTRY ELEMENTS (KOHA)
Koha item type Books
Holdings
Source of acquisition Permanent Location Date acquired Koha item type Collection code Accession Number Lost status Shelving location Withdrawn status Current Location Full call number
SchoolCagayan State University - Carig Library2025-09-01BooksGeneral Works011144 General Collection Cagayan State University - Carig Library001.42 Ab117 2024
SchoolCagayan State University - Carig Library2025-09-01BooksGeneral Works011145 General Collection Cagayan State University - Carig Library001.42 Ab117 2024
SchoolCagayan State University - Carig Library2025-09-01BooksGeneral Works011146 General Collection Cagayan State University - Carig Library001.42 Ab117 2024

Cagayan State University University Library, Carig Campus
Tuguegarao City, Cagayan 3500 | www.csucarig.edu.ph

Powered by Koha